Milon's quick fix dictionary of confusing words and vocabulary
| Main Author: | |
|---|---|
| Other Authors: | |
| Format: | Book |
| Published: |
Kuala Lumpur :
Warisan Eurasia Books ,
2011
|
| Subjects: |
MARC
| LEADER | 00000cam a2200000 7i4500 | ||
|---|---|---|---|
| 001 | 0000158866 | ||
| 005 | 20130328.0 | ||
| 020 | |a 9789834454210 | ||
| 090 | 0 | 0 | |a 428.24 |b NAN |
| 100 | 1 | |a Nandy, Milon | |
| 245 | 1 | 0 | |a Milon's quick fix dictionary of confusing words and vocabulary |c Milon Nandy and Manoj Nandy |
| 260 | |a Kuala Lumpur : |b Warisan Eurasia Books , |c 2011 | ||
| 300 | |a 248p. ; |c 21cm. | ||
| 650 | 0 | 0 | |a English language |
| 650 | 0 | 0 | |a Vocabulary |
| 700 | 1 | |a Nandy, Manoj | |
| 999 | |a 00259530 |b BUKU |c PINJAMAN |e PERPUSTAKAAN KOMUNITI PETALING JAYA | ||